Gramatika nemčiny v kocke : Doplnená o prehľad najpoužívanejších nepravidelných slovies /

Salvato in:
Dettagli Bibliografici
Autori principali: Slováková, Dagmar (Autore), Bobríková, Katarína (Autore)
Natura: Libro
Lingua:multilingua
Pubblicazione: Bratislava : Alfa plus, 1995
Edizione:5.vyd., (2.vyd.v Alfa plus)
Soggetti:
Tags: Aggiungi Tag
Nessun Tag, puoi essere il primo ad aggiungerne!!

MARC

LEADER 00000nam a22000003a 4500
001 stu8239
005 20150617225806.0
008 951108s1995----xo------------------mul-d
020 |a 80-88816-07-6 
040 |a STU  |b slo 
041 0 |a mul 
044 |a xo 
080 |a 803.0-5 
100 1 |a Slováková, Dagmar  |4 aut 
245 1 |a Gramatika nemčiny v kocke :  |b Doplnená o prehľad najpoužívanejších nepravidelných slovies /  |c [aut.] Slováková,Dagmar; Bobríková,Katarína 
250 |a 5.vyd., (2.vyd.v Alfa plus) 
260 |a Bratislava :  |b Alfa plus,  |c 1995 
300 |a 56 s 
650 7 |a nemčina  |2 stusub 
700 1 |a Bobríková, Katarína  |4 aut 
996 |b 284EK01406  |c E*80226  |l EE01  |s A  |a 24  |w stu8239_0001